000 00224nam a22000857a 4500
008 160809b xxu||||| |||| 00| 0 eng d
100 _980
_aChhibber C N
245 _aBasic Mathematics
260 _aNew Delhi
_bFrank Publication
_c2012
999 _c2734
_d2734